000 01228njm a22003017a 4500
005 20100913100347.0
007 sd ammalaaahaa
008 100913t xxu||||| |||| 00| 0 hin d
028 _aStereo s/tAE. 1643
_bAngal records
035 _aGR-02027
040 _aSED/VEN
100 _aAmber Kumar
_919606
245 _aThe train /
_cby Amber Kumar ; music by Rahul Dev Burman ; lyric by Anand Bakshi
_h[sound recording] :
246 _aद ट्रेन (अम्बर कुमार)
260 _aDum Dum, India
_bAngal records
_c1970
300 _a1 sound disc [Gramophone record] :
_banalog, 45 rpm
_c7 in.
_fGramophone record
500 _aBrief record.
500 _aAngel records
500 _aPurpal
500 _aExtended Play
505 _aPart 1 Gulabi Aankhen (Amber Kumar) गुलाबी आँखें, Part 2 Kis liye main ne pyar kiya (Hemlata) किस लिए मैं ने प्यार किया
_r
650 _aClassical Music
_xExcerpts
_zIndia
_919607
700 _aMemlata
_91184
700 _aBurman, Rahul Dev
_919729
700 _aBakshi, Anand
_919815
942 _2ddc
_cGR
999 _c45514
_d45514